000 00564nam a2200229 a 4500
001 5841
003 BD-JhCC
005 20240428102329.0
008 171228s2012 u b|||| || | 000 0 eng d
035 _a(BD-JhCC)5841
040 _aBD-JhCC
_dBD-JhCC
041 _aeng
082 _a320.947
_bRAH 2012
100 _aRahman, Ziaur
245 _a Best Leadership Vision /
_cDr. Ziaur Rahman, Psc
260 _aLos Angeles
_c2012.
300 _a221 p. :
_c23 cm.
504 _aIncludes Bibliography
650 _aLeadership
942 _2ddc
_cBK
999 _c5841
_d5841